Golden State Warriors 2017-18 Most Games Leading Team in Scoring - Statistics

General Stats
  • This quiz has been taken 272 times
  • The average score is 3 of 5
Answer Stats
Player Games % Correct
Stephen Curry 23
100%
Klay Thompson 14
99%
Kevin Durant 39
98%
Quinn Cook 5
25%
Nick Young 2
23%
No matching quizzes found
Score Distribution
Percent of People with Each Score
Percentile by Number Answered
Your Score History
You have not taken this quiz